000 01143nam a2200313 4500
001 0000017045
003 CO-CtgCURN
005 20250329164829.0
007 ta
008 160627s1998 000 0 eng d
020 _a8425213983
040 _aCO-CtgCURN
_bspa
_ccoctgcurn
082 0 _a724.9
_bF59a
100 1 _aFleig, Karl.
245 1 0 _aAlvar Aalto /
_cKarl Fleig , traducción Lucy Nussbaum de Perdigo.
250 _a6a ed.
260 _aBarcelona :
_bEd. Gustavo Gili,
_c1998.
300 _a261 p.
336 _2rdacontent
337 _2rdamedia
_asin mediacion
_bn
338 _2rdacarrier
_avolumen
_bnc
500 _aTexto biling e : Español-Portugues.
505 8 _aAlto alvar.--Urbanismo.--Edificios culturales.--Teatros.--Bibliotecas.--Centros deportivos.--Edificios administrativos.--Centros espirituales.--Ciudades residenciales.--Torres de vivienda.--Ayuntamientos.--Chalets
650 1 4 _aArquitectura moderna
_ySiglo XX.
700 1 _aPerdigo, Lucy Nussbaum de,
_eTraductor.
908 _a160627
942 _cBK
_h724.9
_iF59a
_2ddc
999 _c1770
_d1770